Normal view
MARC view
Entry Topical Term
001 - CONTROL NUMBER
- control field: 6309
003 - CONTROL NUMBER IDENTIFIER
- control field: BD-RjUL
005 - DATE AND TIME OF LATEST TRANSACTION
- control field: 20221213104722.0
008 - FIXED-LENGTH DATA ELEMENTS
- fixed length control field: 221213|| aca||aabn | a|a d
040 ## - CATALOGING SOURCE
- Original cataloging agency: BD-RjUL
- Transcribing agency: BD-RjUL
150 ## - HEADING--TOPICAL TERM
- Topical term or geographic name entry element: The virtue of Islam فضل الاسلام
670 ## - SOURCE DATA FOUND
- Source citation: Work cat.: (BD-RjUL)80963: ابن عبد الوهاب، محمد بن سليمان التميمي النجدي ،Ibn Abd al-Wahhab, Muhammad bin Suleiman al-Tamimi al-Najdi, 1115-1206 هجري[1703-1792]. 6308, كتاب فضل الاسلام /kitab fadl alaslam /, [د.ت].